<?xml version='1.0' encoding='UTF-8'?>
  <record xmlns="http://www.loc.gov/MARC21/slim">
    <leader>00000ctm a22000007i 4500</leader>
    <controlfield tag="001">ocn965404873</controlfield>
    <controlfield tag="003">OCoLC</controlfield>
    <controlfield tag="005">20250525145741.7</controlfield>
    <controlfield tag="008">131003q18401851ne            000 0 dut d</controlfield>
    <datafield tag="040" ind1=" " ind2=" ">
      <subfield code="a">QGJ</subfield>
      <subfield code="b">dut</subfield>
      <subfield code="c">QGJ</subfield>
      <subfield code="d">OCLCL</subfield>
      <subfield code="d">OCLCQ</subfield>
    </datafield>
    <datafield tag="035" ind1=" " ind2=" ">
      <subfield code="a">(OCoLC)965404873</subfield>
    </datafield>
    <datafield tag="100" ind1="1" ind2=" ">
      <subfield code="a">Rueb, Adolf Stephanus,</subfield>
      <subfield code="d">1806-1854.</subfield>
    </datafield>
    <datafield tag="245" ind1="1" ind2="0">
      <subfield code="a">[Dagboek der sterrekundige waarnemingen, gedaan op de Sterrewacht te Utrecht] /</subfield>
      <subfield code="c">[door A. C. Rueb]</subfield>
      <subfield code="f">UBU Hs 17 B 132.</subfield>
    </datafield>
    <datafield tag="260" ind1=" " ind2=" ">
      <subfield code="a">[Utrecht],</subfield>
      <subfield code="c">1840-1851.</subfield>
    </datafield>
    <datafield tag="300" ind1=" " ind2=" ">
      <subfield code="a">[26], 168, 148, 24, 8, 70 p. :</subfield>
      <subfield code="b">ill. ;</subfield>
      <subfield code="c">210 x 264 (250 x 178) mm.</subfield>
    </datafield>
    <datafield tag="336" ind1=" " ind2=" ">
      <subfield code="a">text</subfield>
      <subfield code="b">txt</subfield>
      <subfield code="2">rdacontent</subfield>
    </datafield>
    <datafield tag="337" ind1=" " ind2=" ">
      <subfield code="a">unmediated</subfield>
      <subfield code="b">n</subfield>
      <subfield code="2">rdamedia</subfield>
    </datafield>
    <datafield tag="338" ind1=" " ind2=" ">
      <subfield code="a">volume</subfield>
      <subfield code="b">nc</subfield>
      <subfield code="2">rdacarrier</subfield>
    </datafield>
    <datafield tag="340" ind1=" " ind2=" ">
      <subfield code="a">papier.</subfield>
    </datafield>
    <datafield tag="500" ind1=" " ind2=" ">
      <subfield code="a">Bestaat uit zes onderdelen, waarschijnlijk door Martinus Hoek gebundeld. Martinus Hoek heeft de delen 2-5 elk van een "titelblad" voorzien en daar zijn eigen naam op vermeld. Op het "titelblad" van dl. 2 staat in een latere hand met potlood geschreven: "Waarnemingen en berekeningen niet gedaan door M. Hoek. Het handschrift is duidelijk dat van A.S. Rueb (lector 1843-1854)".</subfield>
    </datafield>
    <datafield tag="505" ind1="0" ind2=" ">
      <subfield code="a">[1.] Zonder deeltitel -- [2.] Berekeningen van waargenomen culminaties aan den meridiaankijker -- [3.] Waargenomen culminaties met den meridiaankijker -- [4.] Gang der klokken -- [5.] Vooruitberekende of waargenomen sterrebedekkingen -- [6.] Sterrekundige waarnemingen van onderscheiden aard.</subfield>
    </datafield>
    <datafield tag="500" ind1=" " ind2=" ">
      <subfield code="a">Waarnemingen lopen van zondag zaterdag 1 augustus 1840 tot en met 24 mei 1851.</subfield>
    </datafield>
    <datafield tag="524" ind1=" " ind2=" ">
      <subfield code="a">Te citeren als: Universiteitsbibliotheek Utrecht Hs 17 B 132.</subfield>
    </datafield>
    <datafield tag="500" ind1=" " ind2=" ">
      <subfield code="a">Collational formula: Pentekeningen.</subfield>
    </datafield>
    <datafield tag="541" ind1=" " ind2=" ">
      <subfield code="d">20131003.</subfield>
      <subfield code="5">NL-UtRU</subfield>
    </datafield>
    <datafield tag="655" ind1=" " ind2="7">
      <subfield code="a">Handschriften (vorm)</subfield>
      <subfield code="0">(NL-LeOCL)088143309.</subfield>
      <subfield code="2">gtt</subfield>
    </datafield>
    <datafield tag="700" ind1="1" ind2=" ">
      <subfield code="a">Hoek, Martinus.</subfield>
    </datafield>
    <datafield tag="710" ind1="2" ind2=" ">
      <subfield code="a">Sterrewacht Zonnenburg (Utrecht)</subfield>
      <subfield code="e">former owner.</subfield>
      <subfield code="4">fmo</subfield>
      <subfield code="5">NL-UtRU</subfield>
    </datafield>
    <datafield tag="758" ind1=" " ind2=" ">
      <subfield code="a">[Dagboek der sterrekundige waarnemingen, gedaan op de Sterrewacht te Utrecht] UBU Hs 17 B 132 (Text)</subfield>
      <subfield code="1">https://id.oclc.org/worldcat/entity/E39PD3Hc7HrWWG3xDrJkqDKTpP</subfield>
      <subfield code="4">https://id.oclc.org/worldcat/ontology/hasWork</subfield>
    </datafield>
    <datafield tag="856" ind1="4" ind2="1">
      <subfield code="u">http://objects.library.uu.nl/reader/resolver.php?obj=002555285&amp;type=2</subfield>
      <subfield code="x">Online</subfield>
      <subfield code="z">Full text</subfield>
    </datafield>
    <datafield tag="936" ind1=" " ind2=" ">
      <subfield code="a">BATCHLOAD</subfield>
    </datafield>
  </record>